| 000 | 00348nam a22001457a 4500 | ||
|---|---|---|---|
| 003 | SGT | ||
| 020 | _a9781455756353 | ||
| 082 |
_a617.63 _bO13S |
||
| 100 | _a Scott De Rossi | ||
| 245 | _aOrofacial Pain | ||
| 260 |
_a Philadelphia, United States _bHealth Sciences Division _c2013 |
||
| 300 | _a383-559 | ||
| 650 | _aORAL SURGERY | ||
| 942 |
_2ddc _cBK |
||
| 999 |
_c18094 _d18094 |
||